United States and French security, 1917-1921 ; a study in America diplomatic history.

Bibliographic Details
Main Author: Yates, Louis A. R., 1907-
Format: Book
Language:English
Published: New York : Twayne Publishers, [1957]
Subjects:

MARC

Tag First Indicator Second Indicator Subfields
LEADER 00000cam a2200000 4500
001 in00000061747
005 20151008050606.0
008 720829s1957 nyu b 00000 eng u
010 |a  57002870  
035 |a (OCoLC)00394936 
035 |9 AAG2009AM 
040 |c WSU  |d TXA  |d UtOrBLW 
049 |a TXAM  |c [305661] 
050 0 |a D651.F6  |b Y3 
092 |a 327.73  |b Y32u 
100 1 |a Yates, Louis A. R.,  |d 1907- 
245 1 0 |a United States and French security, 1917-1921 ;  |b a study in America diplomatic history. 
264 1 |a New York :  |b Twayne Publishers,  |c [1957] 
300 |a 252 pages 
336 |a text  |b txt  |2 rdacontent 
337 |a unmediated  |b n  |2 rdamedia 
338 |a volume  |b nc  |2 rdacarrier 
504 |a Bibliography: pages 221-243. 
650 0 |a World War, 1914-1918  |x Peace. 
651 0 |a France  |x Defenses. 
651 0 |a United States  |x Foreign relations  |z France. 
651 0 |a France  |x Foreign relations  |z United States. 
999 |a MARS 
999 f f |s 0d12f022-513f-3a0e-a961-170c3add4292  |i aee40f79-a9d0-3cd7-a7a7-e91c2037bbb3  |t 0 
952 f f |p ric  |a Texas A&M University  |b Rellis Campus  |c Joint Library Facility  |d Remote Storage  |t 0  |e D651.F6 Y3  |h Library of Congress classification  |i unmediated -- volume  |m A14800680378 
998 f f |a D651.F6 Y3  |t 0  |l Remote Storage